| 000 | 00465nam a22001817a 4500 | ||
|---|---|---|---|
| 003 | OSt | ||
| 005 | 20260518153527.0 | ||
| 008 | 260518b |||||||| |||| 00| 0 eng d | ||
| 020 | _a9789389845822 | ||
| 082 | _a005.133 BAF | ||
| 100 | _aBAKARIYA,Brijesh | ||
| 245 | _aFundamental Concepts of MATLAB Programming | ||
| 250 | _a1st Ed Rep | ||
| 260 |
_a New Delhi _bBPB Publication _c2025 |
||
| 300 | _a295p. | ||
| 700 | _aPARMAR,Kulwinder Singh | ||
| 942 |
_2ddc _cBK |
||
| 999 |
_c13969 _d13969 |
||